000 00887nas a2200277 4500
001 BR2011005535
003 BR-BrBNA
005 20231205115121.0
007 ta
008 230509b bl.|||p| |||| 00| 00por d
040 _aBR-BrBNA
_bpor
_cBiblioteca Nacional de Agricultura
041 _a(Pt)
072 _aP01
100 1 _aLima, L.P.Z.
100 1 _aLouzada, J.
100 1 _aCarvalho, L.M.T. de
100 1 _aScolforo, J.R.S.
245 1 _aAnálise da vulnerabilidade natural para implantação de unidades de conservação na microrregião da Serra de Carrancas, MG
650 _aZONEAMENTO ECOLÓGICO
650 _aBIODIVERSIDADE
650 _aPRESERVAÇÃO DA NATUREZA
650 _aMINAS GERAIS
773 0 _tCerne (Brazil)
_xISSN 0104-7760
_g(Apr-Jun 2011), v. 17(2) p. 151-159
_wBR2011005535
909 _a202311
_bLúcia
_c55
_dLúcia Elande
942 _2AGRIS
_n0
_cANA
999 _c212149
_d212149